000 00544nam a2200121Ia 4500
008 220620s9999||||xx |||||||||||||| ||und||
100 _aRoseberry, Helen
245 0 _aToward 1984
_bThe Future of Appalachia
546 _aEnglish[eng]
650 _aSocial Science||Regional Studies
856 _uhttps://library.oapen.org/bitstream/20.500.12657/47606/1/external_content.pdf||https://library.oapen.org/bitstream/20.500.12657/47606/1/external_content.pdf||https://library.oapen.org/bitstream/20.500.12657/47606/1/external_content.pdf
942 _cEB
999 _c24718
_d24718